000 00555nam a2200229Ia 4500
005 20250506172822.0
008 008 250505s9999 xx 000 0 eng d
020 _a9789392861017
037 _aTB
040 _aILCL
_beng
_cILCL
041 _aeng
_2eng
082 _qILCL
100 _aRai, Mridula
_9754529
245 0 _aWomen and Law in India
250 _a1
260 _aDelhi
_bCity Publication
_c2022
300 _a405p.
365 _aINR
700 _aRai, Ashok Kumar
942 _cTB
_2Colon Classification
999 _c1312127
_d1312127